000
00228 a2200097 4500
001
18894
100
_a
Jeans J H
245
_a
Elementary treatise on theoretical Mechanics
260
_a
_b
Ginn & Co
_c
1907
090
_c
13983
_d
13983
942
_a
NUST-CAE
_c
M
_c
4428
999
_c
253967
_d
253967